Statistics for Philadelphia Trivia

Click here to take the quiz!

General Stats

  • This quiz has been taken 12,913 times
  • The average score is 13 of 20

Answer Stats

QuestionAnswer% Correct
What Philadelphia resident invented the lightning rod and bifocals?Benjamin Franklin
92%
Who is Philadelphia's most famous fictional boxer?Rocky Balboa
89%
What cracked bell was once located in the steeple of the above building?Liberty Bell
86%
What rapper turned actor was "born and raised" in West Philadelphia?Will Smith
86%
What is Philadelphia's most well-known nickname?City of
{Brotherly} {Love}
82%
Pro sports teamEagles
78%
What Philadelphia sandwich is made with thinly cut steak, onions and cheese on a hoagie?Philly Cheesesteak
77%
Pro sports teamPhillies
72%
Pro sports team76ers
68%
Who founded Philadelphia?William Penn
67%
Pro sports teamFlyers
66%
What Philadelphia resident made the first American flag?Betsy Ross
63%
In what part of town does "It's Always Sunny in Philadelphia" take place?{South} Philly
60%
What river separates Philadelphia and New Jersey?Delaware River
54%
What is the Philly equivalent to "Y'all" or "You guys"?Yous
52%
The owl is the mascot of what Philadelphia university?Temple
50%
In what building did the Continental Congress meet? (modern name)Independence Hall
45%
What is Philly's best-selling newspaper?The Philadelphia
Inquirer
39%
What harmonizing R&B group sang "Motownphilly"?Boyz II Men
37%
What is Philadelphia's biggest company by market capitalization, and also the most-hated?Comcast
25%

Score Distribution

Percentile by Number Answered

Percent of People with Each Score

Your Score History

You have not taken this quiz